000 00502nam a2200181Ia 4500
005 20251020182557.0
008 200515s9999 xx 000 0 und d
082 _aSC/301.186+331.1(460)/O36
110 _aOIT
245 0 _aSituación sindical y relaciones laborales en España : Informe de una misión de la Oficina Internacional del Trabajo
260 _aGinebra
260 _c1985
300 _a150
650 _aESPAÑA
650 _aPUB OIT
650 _aRELACIONES LABORALES
942 _cLIB
999 _c2928
_d2928